000 00651nam a2200217Ia 4500
003 OSt
005 20221005124201.0
006 a|||||r|||| 00| 0
007 ta
008 221004b |||||||| |||| 00| 0 eng d
024 _a67344
037 _cTextual
040 _aCRL
_cCRL
_beng
041 _2eng
_aeng
082 _aV41:80z:211:93:N5, J5.2
245 0 _aMemorial
_b Arbitration for the settlement of the territorial dispute between Muscat and Abu Dhabi on one side and Saudi Arabia on the other.
260 _c1955
650 _aHISTORY
942 _hV41:80z:211:93:N5, J5.2
_cTEXL
_2cc
999 _c1049679
_d1049679